Evaluacion general del sistema constructivo para viviendas que utiliza como componente principal el Bambu.
Gardado en:
| Autor Principal: | |
|---|---|
| Formato: | Libro |
| Idioma: | Spanish |
| Publicado: |
1987
|
| Materias: | |
| Etiquetas: |
Engadir etiqueta
Sen Etiquetas, Sexa o primeiro en etiquetar este rexistro!
|
MARC
| LEADER | 00000nam a2200000Ia 4500 | ||
|---|---|---|---|
| 003 | 004574 | ||
| 005 | 20221231144346.0 | ||
| 008 | 140114s1987 xx a m 000 ||spa d | ||
| 040 | |c cru CEDI | ||
| 090 | |a TFG 2073 | ||
| 100 | |a Sánchez Campos, Eduardo |9 13725 | ||
| 245 | |a Evaluacion general del sistema constructivo para viviendas que utiliza como componente principal el Bambu. | ||
| 260 | |c 1987 | ||
| 300 | |a 172 hojas : ilustraciones ; 28 cm | ||
| 500 | |a Proyecto de graduacion (licenciatura en ingeniería civil)--Universidad de Costa Rica. Facultad de Ingeniería. Escuela de Ingeniería Civil | ||
| 650 | |x BAMBU |x CONSTRUCCION DE VIVIENDAS |9 13728 | ||
| 942 | |c TFG |2 ddc | ||
| 999 | |c 20696 |d 20696 | ||
